01247 a2200265 45000010006000000050017000060080041000230030015000640400040000790800083001192450047002022500012002492640043002613000019003045050307003231000027006307000028006577000033006857000020007187000028007387000026007667000029007927000017008218560143008382579720260407155541.0260407a1991 arg spa dAR-UNSa-BCEJYS aAR-UNSa-BCEJYSbspacAR-UNSa-BCEJYS a658.15xAdministración financiera privada. Gestión financiera de empresas 10aAdministración financierapsegunda parte a2a. ed. 1aBuenos Aires :bEdiciones Macchic1991 a312 p.c22 cm. a5. Decisiones de inversión - 2. Administración del capital de trabajo - 3. Administración de los activos corrientes - 4. Estructura de financiamiento - 5. Financiación de la empresa - 6. Financiamiento a mediano plazo - 7. Financiamiento a largo plazo - 8. Sistemas especiales de financiamiento1 aBasagaña, Eduardo J.1 aGonzalez Dosil, Roberto1 aFernandez, Heriberto Horacio1 aBruno, Norberto1 aSapetnitzky, Claudio E.1 aBarboza, Guillermo E.1 aFreijedo, Claudio Felipe1 aOrban, Lazlo41uhttps://biblioeco.unsa.edu.ar/pmb/images/libros/Temas de Administracion Financiera segunda parte 2ed v2.jpgyImagen de portadaqimage/jpeg